Nový profil školy.

Odpovede na otázky o premenách v školstve: ako sa bude pretvárať obsahový a morálny profil školy, čo sa mení v príprave učebníc, ako sa organizuje príprava učiteľov na nové podmienky, aká bude príprava kvalifikovaných robotníkov.

Salvato in:
Dettagli Bibliografici
Autore principale: Pišút, J.
Altri autori: Simonidesová, V.
Natura: Capitolo di libro
Lingua:slovacco
Soggetti:
Tags: Aggiungi Tag
Nessun Tag, puoi essere il primo ad aggiungerne!!

MARC

LEADER 00000naa a2200000 4500
001 r006153
005 20221125081556.0
041 0 |a slo 
044 |a [CS] 
245 1 0 |a Nový profil školy.  |c J. Pišút, V. Simonidesová 
520 |a Odpovede na otázky o premenách v školstve: ako sa bude pretvárať obsahový a morálny profil školy, čo sa mení v príprave učebníc, ako sa organizuje príprava učiteľov na nové podmienky, aká bude príprava kvalifikovaných robotníkov. 
610 2 0 |a školstvo 
610 2 0 |a reformy školské 
610 2 0 |a učitelia 
610 2 0 |a príprava odborná 
610 2 0 |a pracovníci kvalifikovaní 
610 2 0 |a robotníci 
610 2 0 |a Slovensko 
100 1 |a Pišút, J. 
700 1 |a Simonidesová, V.